Thực hành xử lý số tín hiệu trên máy tính PC với Matlab

Kaydedildi:
Detaylı Bibliyografya
Yazar: Hồ, Văn Sung
Materyal Türü: Kitap
Dil:Undetermined
Baskı/Yayın Bilgisi: Hà Nội Khoa học và kỹ thuật 2005
Konular:
Etiketler: Etiketle
Etiket eklenmemiş, İlk siz ekleyin!
Thư viện lưu trữ: Trung tâm Học liệu Trường Đại học Cần Thơ
LEADER 00671nam a2200205Ia 4500
001 CTU_95343
008 210402s9999 xx 000 0 und d
020 |c 32000 
082 |a 005.13 
082 |b S513 
100 |a Hồ, Văn Sung 
245 0 |a Thực hành xử lý số tín hiệu trên máy tính PC với Matlab 
245 0 |c Hồ Văn Sung 
260 |a Hà Nội 
260 |b Khoa học và kỹ thuật 
260 |c 2005 
650 |a Matlab (Computer program language),Programming (Mathematics) 
650 |x Signal processing,Digital techniques 
904 |i Truc 
980 |a Trung tâm Học liệu Trường Đại học Cần Thơ